Non-euclidean Geometry A Critical and Historical Study its Development (Record no. 530918)

000 -LEADER
fixed length control field 00388nam a2200133Ia 4500
008 - FIXED-LENGTH DATA ELEMENTS--GENERAL INFORMATION
fixed length control field 191014s9999 xx 000 0 und d
020 ## - INTERNATIONAL STANDARD BOOK NUMBER
International Standard Book Number 0-486-60027-0
082 ## - DEWEY DECIMAL CLASSIFICATION NUMBER
Classification number 513.8
Author Mark BON
100 ## - MAIN ENTRY--PERSONAL NAME
Personal name Roberto Bonola
9 (RLIN) 20344
245 #0 - TITLE STATEMENT
Title Non-euclidean Geometry A Critical and Historical Study its Development
260 ## - PUBLICATION, DISTRIBUTION, ETC.
Place of publication, distribution, etc. USA
Name of publisher, distributor, etc. Dover Publications INC.
Date of publication, distribution, etc. 1914
300 ## - PHYSICAL DESCRIPTION
Extent Xiii,74
942 ## - ADDED ENTRY ELEMENTS (KOHA)
Koha item type Book
Holdings
Withdrawn status Lost status Damaged status Not for loan Permanent Location Current Location Date acquired Source of acquisition Cost, normal purchase price Total Checkouts Full call number Barcode Date last seen Price effective from Koha item type
        School of Natural Sciences (SNS) School of Natural Sciences (SNS) 10/15/2019 Donation 0.00   513.8BON SNS0002695 10/15/2019 10/15/2019 Book
© 2023 Central Library, National University of Sciences and Technology. All Rights Reserved.